000 00385nam a2200157Ia 4500
008 221030s9999 xx 000 0 und d
020 _a0074517015
041 _aEnglish
082 _a105.23
_bJai
100 _aR. P. Jain
245 0 _aDigital Electronics & Microprocessors
_cby R. P. Jain
260 _bTMH
_aNew Delhi
_c2001
300 _a524
650 _aBE Computer
942 _cBK
999 _c7986
_d7986